000 00617nam a22001817a 4500
999 _c170039
_d170039
005 20220323143152.0
010 _aENG-127053
020 _c995.00
_a9780199494620
035 _aEN-110585
037 _bDBAD/PUB
082 _a320.095
100 _aThomas, Pradip Ninan
245 _aThe Politcs of Digtal India:
_bBetween Local Compulsions and Transnational Pressures/
_cPradip Ninan Thomas
260 _aNew Delhi
_bOxford University Press
_c2019
270 _a22 Workspace, 2nd Floor, 1/22 Asaf Ali Road
_bNew Delhi
_e110002
300 _axi, 231p.
_c22cm(hbk)
942 _2ddc
_cEN
_h320.095
_mTHO